000 00239nam a22001097a 4500
003 OSt
008 231115b |||||||| |||| 00| 0 eng d
041 _amal
100 _aMadhavan Nair, K
_94426
245 _aNingalude sareeram /
942 _cBK
999 _c17889
_d17889